<?xml version="1.0" encoding="UTF-8"?><?xml-stylesheet type="text/xsl" href="static/style.xsl"?><OAI-PMH xmlns="http://www.openarchives.org/OAI/2.0/" xmlns:xsi="http://www.w3.org/2001/XMLSchema-instance" xsi:schemaLocation="http://www.openarchives.org/OAI/2.0/ http://www.openarchives.org/OAI/2.0/OAI-PMH.xsd"><responseDate>2026-04-17T12:22:55Z</responseDate><request verb="GetRecord" identifier="oai:www.recercat.cat:10459.1/70158" metadataPrefix="marc">https://recercat.cat/oai/request</request><GetRecord><record><header><identifier>oai:recercat.cat:10459.1/70158</identifier><datestamp>2024-12-05T22:08:50Z</datestamp><setSpec>com_2072_3622</setSpec><setSpec>col_2072_479130</setSpec></header><metadata><record xmlns="http://www.loc.gov/MARC21/slim" xmlns:dcterms="http://purl.org/dc/terms/" xmlns:xsi="http://www.w3.org/2001/XMLSchema-instance" xmlns:doc="http://www.lyncode.com/xoai" xsi:schemaLocation="http://www.loc.gov/MARC21/slim http://www.loc.gov/standards/marcxml/schema/MARC21slim.xsd">
   <leader>00925njm 22002777a 4500</leader>
   <datafield ind2=" " ind1=" " tag="042">
      <subfield code="a">dc</subfield>
   </datafield>
   <datafield ind2=" " ind1=" " tag="720">
      <subfield code="a">Laza-Vásquez, Celmira</subfield>
      <subfield code="e">author</subfield>
   </datafield>
   <datafield ind2=" " ind1=" " tag="720">
      <subfield code="a">Cerquera-Gallego, Eric Yamid</subfield>
      <subfield code="e">author</subfield>
   </datafield>
   <datafield ind2=" " ind1=" " tag="720">
      <subfield code="a">Ferrer-Pérez, Tania Alejandra</subfield>
      <subfield code="e">author</subfield>
   </datafield>
   <datafield ind2=" " ind1=" " tag="720">
      <subfield code="a">Gutiérrez-Ocampos, Yessenia</subfield>
      <subfield code="e">author</subfield>
   </datafield>
   <datafield ind2=" " ind1=" " tag="260">
      <subfield code="c">2021-01-07T11:48:56Z</subfield>
   </datafield>
   <datafield ind2=" " ind1=" " tag="260">
      <subfield code="c">2021-01-07T11:48:56Z</subfield>
   </datafield>
   <datafield ind2=" " ind1=" " tag="260">
      <subfield code="c">2019-01-31</subfield>
   </datafield>
   <datafield ind2=" " ind1=" " tag="260">
      <subfield code="c">2021-01-07T11:48:56Z</subfield>
   </datafield>
   <datafield ind2=" " ind1=" " tag="520">
      <subfield code="a">Introducción: En el año 2006, el Estado colombiano legalizó el aborto en tres situaciones específicas, mediante la Sentencia C-355, marcando un hito importante en una sociedad impregnada por fuertes valores patriarcales. Sin embargo, han sido escasos los estudios adelantados sobre las experiencias de los principales actores implicados en este fenómeno social, como los profesionales de la salud y las mujeres. Objetivo: Indagar por las opiniones de los estudiantes de último año del Programa de Enfermería de la Universidad Surcolombiana acerca de la Sentencia C-355 de 2006, que legaliza el aborto en tres situaciones específicas, en Colombia. Metodología: Se realizó un estudio cualitativo exploratorio. Participaron veintiséis estudiantes, seleccionados con un muestreo por conveniencia hasta saturar la información. Para recolectar esta, se crearon tres grupos de discusión y se hicieron tres entrevistas a profundidad, observados mediante análisis de contenido. Resultados: Las opiniones acerca de la Sentencia son favorables, por sus beneficios sociales y en pro de la defensa de los derechos de las mujeres. El tema emergente en los discursos construidos fue el impedimento que significan, para la aceptación del aborto en Colombia, los fuertes valores patriarcales impregnados en la sociedad, los cuales son reforzados por los 'discursos de verdad' de la Iglesia y la institucionalidad médica. Conclusiones: Se hace necesario persistir en la socialización de la Sentencia entre las intuiciones y los profesionales de la salud, y en el aborto legal y los derechos de las mujeres como un tema de discusión pública y política; para esto, es imprescindible la labor conjunta de la academia e investigadores, con las organizaciones sociales defensoras de los derechos de las mujeres.</subfield>
   </datafield>
   <datafield ind2=" " ind1=" " tag="520">
      <subfield code="a">Proyecto financiado por la Convocatoria institucional para  conformar  el  banco  de  proyectos  de  semilleros  de  investigación  y  desarrollo  tecnológico  e  innovación  2016, de la Universidad Surcolombiana.</subfield>
   </datafield>
   <datafield ind1="8" ind2=" " tag="024">
      <subfield code="a">http://hdl.handle.net/10459.1/70158</subfield>
   </datafield>
   <datafield tag="653" ind2=" " ind1=" ">
      <subfield code="a">Aborto legal</subfield>
   </datafield>
   <datafield tag="653" ind2=" " ind1=" ">
      <subfield code="a">Estudiantes de Enfermería</subfield>
   </datafield>
   <datafield tag="653" ind2=" " ind1=" ">
      <subfield code="a">Patriarcado</subfield>
   </datafield>
   <datafield tag="653" ind2=" " ind1=" ">
      <subfield code="a">Derechos  de  la  mujer</subfield>
   </datafield>
   <datafield tag="653" ind2=" " ind1=" ">
      <subfield code="a">Sentencia  C-355 de la Corte Constitucional</subfield>
   </datafield>
   <datafield tag="653" ind2=" " ind1=" ">
      <subfield code="a">Colombia</subfield>
   </datafield>
   <datafield ind2="0" ind1="0" tag="245">
      <subfield code="a">El aborto legal en Colombia: opiniones de un grupo de estudiantes de Enfermería</subfield>
   </datafield>
   <datafield ind2="0" ind1="0" tag="245">
      <subfield code="a">Legal abortion in Colombia: a group of nursing students’ opinions</subfield>
   </datafield>
   <datafield ind2="0" ind1="0" tag="245">
      <subfield code="a">O aborto legal na Colômbia: conceitos dum grupo de estudantes de Enfermagem</subfield>
   </datafield>
</record></metadata></record></GetRecord></OAI-PMH>